000 01019nam a2200301 i 4500
003 EG-GICUC
005 20260121101213.0
008 251111s1956 -usad |f |||| 001 0 eng d
040 _aEG-GiCUC
_beng
_cEG-GiCUC
_dEG-GiCUC
_erda
041 0 _aeng
082 0 4 _221
_a338.9
_bBL . C
092 0 4 _221
099 _aLaw1 13 338.9 BL . C 1956
100 1 _aBlodgett , Ralph H.
_eAuthor.
245 1 0 _aComparative Economic Development/
_cRalph H. Blodgett , Donald L. Kemmerer.
264 1 _aNew York :
_bMcgraw-hill Book Company, Inc ,
_c1956.
300 _a557 pages :
_billustrations ;
_c24 cm.
336 _2rda content
_atext
337 _2rda media
_aComputer
338 _2rda carrier
_aOnline Resource
504 _aIncludes bibliographical references and index.
546 _aText in English
650 1 4 _aPublic finance and tax legislation
700 1 _aKemmerer , Donald L.
_eAnnotator.
856 4 0 _uhttps://fll.law.cu.edu.eg/fulltext/bks/B13-07244.pdf
905 _a48
942 _2ddc
_cBK
_e21
_n0
999 _c42760
_d42760